[Event "Hamburg Seniors-ch 20th"]
[Site "Hamburg"]
[Date "2013.11.05"]
[Round "7"]
[White "Behrensen Senfft, Joern"]
[Black "Hadenfeldt, Klaus"]
[Result "1/2-1/2"]
[WhiteElo "1521"]
[BlackElo "1706"]
[PlyCount "80"]
[EventDate "2013.10.30"]
[EventType "swiss"]
[EventRounds "9"]
[EventCountry "GER"]
[SourceTitle "EXT 2015"]
[Source "ChessBase"]
[SourceDate "2014.11.20"]
[SourceVersion "1"]
[SourceVersionDate "2014.11.20"]
[SourceQuality "1"]

1. d4 d5 2. Nf3 Nf6 3. e3 e6 4. Bd3 Nbd7 5. 0-0 Bd6 6. Nbd2 0-0 7. Ne5 Bxe5 8. dxe5 Nxe5 9. Be2 c6 10. f4 Ng6 11. Nf3 Qb6 12. Ne5 Ne7 13. Bd3 Nf5 14. Rf3 g6 15. b3 Ne4 16. g4 Nfd6 17. Bb2 f6 18. Bxe4 Nxe4 19. Nd3 c5 20. Qe1 c4 21. Bd4 Qc7 22. Nf2 e5 23. fxe5 fxe5 24. Rxf8+ Kxf8 25. Qb4+ Kg7 26. Nxe4 exd4 27. Rf1 Bxg4 28. Ng5 Bf5 29. Rxf5 Kh6 30. Rxd5 dxe3 31. Qe1 Qf4 32. bxc4 Re8 33. Qg3 Qxg3+ 34. hxg3 e2 35. Nf3 e1Q+ 36. Nxe1 Rxe1+ 37. Kf2 Re7 38. c5 Kg7 39. Kf3 Kf6 40. a4 a6 1/2-1/2

[Event "Hamburg Seniors-ch 20th"]
[Site "Hamburg"]
[Date "2013.11.04"]
[Round "6"]
[White "Hadenfeldt, Klaus"]
[Black "Werner, Joern"]
[Result "0-1"]
[WhiteElo "1706"]
[BlackElo "1598"]
[PlyCount "49"]
[EventDate "2013.10.30"]
[EventType "swiss"]
[EventRounds "9"]
[EventCountry "GER"]
[SourceTitle "EXT 2015"]
[Source "ChessBase"]
[SourceDate "2014.11.20"]
[SourceVersion "1"]
[SourceVersionDate "2014.11.20"]
[SourceQuality "1"]

1. d4 d5 2. c4 Nf6 3. Nc3 e6 4. Nf3 dxc4 5. e3 a6 6. Bxc4 b5 7. Be2 Bb7 8. 0-0 c5 9. Bd2 Nc6 10. dxc5 Bxc5 11. Rc1 Ba7 12. Qb3 0-0 13. Rfd1 Qe7 14. Be1 Na5 15. Qc2 Rac8 16. Qb1 Nc4 17. Nd4 Bb8 18. f4 Nxe3 19. Rd3 Nxg2 20. Bg3 Nxf4 21. Bxf4 Bxf4 22. Rf1 Qd6 23. Nf3 Qc5+ 24. Kg2 Ne4 25. Nxe4 0-1

[Event "Hamburg-ch Seniors 18th"]
[Site "Hamburg"]
[Date "2011.11.05"]
[Round "8"]
[White "Bobzin, Volker"]
[Black "Hadenfeldt, Klaus"]
[Result "0-1"]
[WhiteElo "1752"]
[BlackElo "1773"]
[PlyCount "55"]
[EventDate "2011.10.29"]
[EventType "swiss"]
[EventRounds "9"]
[EventCountry "GER"]
[SourceTitle "EXT 2015"]
[Source "ChessBase"]
[SourceDate "2014.11.20"]
[SourceVersion "1"]
[SourceVersionDate "2014.11.20"]
[SourceQuality "1"]

1. d4 d5 2. Nf3 Nf6 3. e3 e6 4. Bd3 Nbd7 5. Nbd2 c5 6. c4 b6 7. cxd5 Nxd5 8. a3 Be7 9. 0-0 0-0 10. Nc4 Bb7 11. Qc2 N5f6 12. b3 h6 13. Ncd2 Rc8 14. Qb1 cxd4 15. Nxd4 Nc5 16. Be2 Nd5 17. Bf3 Nc3 18. Qc2 Nd5 19. Bb2 Bf6 20. Rfc1 Ba6 21. Qb1 e5 22. Bxd5 Qxd5 23. N4f3 Nd3 24. Rxc8 Rxc8 25. Qa2 Rc2 26. Rb1 e4 27. Nxe4 Qxe4 28. Nd4 0-1

[Event "Hamburg-ch Seniors op 13th"]
[Site "Hamburg"]
[Date "2006.11.01"]
[Round "6"]
[White "Hadenfeldt, Klaus"]
[Black "Baumann, Siegfried"]
[Result "1-0"]
[WhiteElo "1644"]
[BlackElo "1526"]
[PlyCount "115"]
[EventDate "2006.10.27"]
[EventType "swiss"]
[EventRounds "9"]
[EventCountry "GER"]
[SourceTitle "EXT 2022"]
[Source "ChessBase"]
[SourceDate "2021.10.06"]
[SourceVersion "1"]
[SourceVersionDate "2021.10.06"]
[SourceQuality "1"]

1. d4 d5 2. c4 e6 3. Nc3 Nf6 4. Nf3 c5 5. e3 Nc6 6. a3 Bd7 7. cxd5 exd5 8. dxc5 Qa5 9. Bd2 Qxc5 10. Rc1 Qb6 11. Qc2 Rc8 12. Be2 Bd6 13. 0-0 0-0 14. b4 Ne7 15. Qa2 Be6 16. Nd4 Be5 17. Na4 Qd6 18. h3 Ne4 19. Bd3 Rxc1 20. Rxc1 Bh2+ 21. Kf1 Ng5 22. Nxe6 fxe6 23. Ke2 Ne4 24. Be1 Bg1 25. Bxe4 dxe4 26. Nc5 Rf6 27. Rd1 Qc6 28. Rd4 Nd5 29. Nxe4 Rf5 30. Qc4 Bh2 31. Qxc6 bxc6 32. g3 Rh5 33. h4 Re5 34. Kf3 Ne7 35. Kg2 Bxg3 36. Nxg3 Nd5 37. Bd2 h6 38. Rc4 Ne7 39. Bc3 Rb5 40. Bd4 Rb7 41. Ne4 Rb5 42. Rc5 Rb8 43. Ra5 Nf5 44. Bxa7 Rf8 45. Kh3 Rd8 46. Ng3 Ne7 47. Bd4 Ng6 48. h5 Nf4+ 49. Kg4 Nd5 50. Ne4 Ne7 51. Ng3 Rd7 52. Ra7 Rxa7 53. Bxa7 Kf7 54. e4 g5 55. Bc5 Ng8 56. e5 Ne7 57. Bxe7 Kxe7 58. Ne4 1-0

[Event "Hamburg-ch Seniors op 13th"]
[Site "Hamburg"]
[Date "2006.10.30"]
[Round "4"]
[White "Hadenfeldt, Klaus"]
[Black "Lubisch, Gerwalt"]
[Result "0-1"]
[WhiteElo "1644"]
[BlackElo "1507"]
[PlyCount "50"]
[EventDate "2006.10.27"]
[EventType "swiss"]
[EventRounds "9"]
[EventCountry "GER"]
[SourceTitle "EXT 2022"]
[Source "ChessBase"]
[SourceDate "2021.10.06"]
[SourceVersion "1"]
[SourceVersionDate "2021.10.06"]
[SourceQuality "1"]

1. d4 d5 2. c4 e5 3. dxe5 d4 4. Nf3 Nc6 5. g3 Bf5 6. Nbd2 Bb4 7. a3 Bxd2+ 8. Qxd2 Qd7 9. Qf4 0-0-0 10. Bd2 Nge7 11. Bb4 Ng6 12. Qd2 Ngxe5 13. Nxe5 Nxe5 14. b3 Rhe8 15. 0-0-0 Bg6 16. Bg2 Qf5 17. Kb2 Qxf2 18. Bh3+ Kb8 19. Bc5 Nxc4+ 20. bxc4 Rxe2 21. Kc1 Rxd2 22. Rxd2 Qf6 23. Re1 Qc6 24. Re5 Qh1+ 25. Rd1 Qxh2 0-1